| 000 | 00786nam a2200289Ia 4500 | ||
|---|---|---|---|
| 001 | 10298 | ||
| 005 | 20240113235215.0 | ||
| 007 | ta | ||
| 008 | 050802s 195 a g b000 u eng u | ||
| 020 | _cHB | ||
| 040 | _aCotton College,Assam | ||
| 041 | _aeng | ||
| 082 |
_a330.151 _bT 177 In |
||
| 100 | _aTarshis, Lorie . | ||
| 245 | 0 |
_aIntroduction to International Trade and Finance / _cLorie Tarshis. _hTextual Documents |
|
| 250 | _a1st ed. / | ||
| 260 |
_aNew York : _bJohn Wiley & Sons , _cC 1955. |
||
| 300 |
_ax, 536p. : _bill. ; |
||
| 504 | _aIndex | ||
| 653 | _aEconomics-International Trade | ||
| 653 | _aFinance-International | ||
| 653 | _aTrade-International | ||
| 653 | _aMS-Economics | ||
| 942 |
_2ddc _cBK |
||
| 999 |
_c10285 _d10285 |
||